[Event "Nova Gorica op 29th"]
[Site "Nova Gorica"]
[Date "2025.01.30"]
[Round "8"]
[White "Papler, Peter"]
[Black "Marta, Daniele"]
[Result "1-0"]
[WhiteElo "1800"]
[BlackElo "1885"]
[PlyCount "86"]
[EventDate "2025.01.24"]
[EventType "swiss"]
[EventRounds "9"]
[EventCountry "SLO"]
[SourceTitle "CB06_2025"]
[SourceDate "2025.02.05"]
[SourceVersion "1"]
[SourceVersionDate "2025.02.05"]
[SourceQuality "1"]

1. d3 d5 2. Nf3 Nf6 3. Nbd2 c5 4. e4 Nc6 5. c3 e5 6. Qc2 Be7 7. Be2 0-0 8. h3 Qc7 9. g4 dxe4 10. dxe4 Rb8 11. Nf1 b5 12. Ng3 c4 13. Be3 Nd7 14. Nf5 Bc5 15. Qc1 Qb6 16. Bxc5 Nxc5 17. Qg5 Bxf5 18. gxf5 f6 19. Qg4 Rbd8 20. Rg1 Rf7 21. h4 Ne7 22. h5 h6 23. Rb1 Qc6 24. Nd2 Nd3+ 25. Bxd3 Rxd3 26. Ke2 Nc8 27. Qg6 Rxd2+ 28. Kxd2 Qxe4 29. Rbd1 Ne7 30. Qxh6 Nxf5 31. Qg6 Rd7+ 32. Kc1 Rd3 33. Rxd3 cxd3 34. Qg4 Qxg4 35. Rxg4 Nd6 36. Kd2 e4 37. b3 Kf7 38. f3 f5 39. Rg6 Ne8 40. fxe4 fxe4 41. Ra6 Nf6 42. Rxa7+ Ke6 43. Rxg7 Ng8 1-0

[Event "Nova Gorica op 29th"]
[Site "Nova Gorica"]
[Date "2025.01.29"]
[Round "7"]
[White "Marta, Daniele"]
[Black "Nissinen, Niilo Man"]
[Result "0-1"]
[WhiteElo "1885"]
[BlackElo "2109"]
[PlyCount "60"]
[EventDate "2025.01.24"]
[EventType "swiss"]
[EventRounds "9"]
[EventCountry "SLO"]
[SourceTitle "CB06_2025"]
[SourceDate "2025.02.05"]
[SourceVersion "1"]
[SourceVersionDate "2025.02.05"]
[SourceQuality "1"]

1. Nf3 d5 2. c4 e6 3. d4 Nf6 4. g3 Bb4+ 5. Bd2 Be7 6. Bg2 0-0 7. 0-0 c6 8. b3 b6 9. Bc3 Nbd7 10. Bb2 a5 11. Nbd2 Ba6 12. Rc1 Rc8 13. Re1 Qc7 14. e4 dxe4 15. Nxe4 Rfd8 16. Qc2 Nxe4 17. Qxe4 Bf6 18. Ne5 Bxe5 19. dxe5 Nc5 20. Qh4 Nd3 21. Be4 h6 22. Bxd3 Rxd3 23. Rcd1 Rcd8 24. Qg4 c5 25. Rxd3 Rxd3 26. Rd1 Qd7 27. Rxd3 Qxd3 28. Qf4 Qd1+ 29. Kg2 Bb7+ 30. Kh3 g5 0-1

[Event "Nova Gorica op 29th"]
[Site "Nova Gorica"]
[Date "2025.01.24"]
[Round "1"]
[White "Jaksa, Ema"]
[Black "Marta, Daniele"]
[Result "0-1"]
[WhiteElo "1727"]
[BlackElo "1885"]
[PlyCount "54"]
[EventDate "2025.01.24"]
[EventType "swiss"]
[EventRounds "9"]
[EventCountry "SLO"]
[SourceTitle "CB06_2025"]
[SourceDate "2025.02.05"]
[SourceVersion "1"]
[SourceVersionDate "2025.02.05"]
[SourceQuality "1"]

1. e4 e6 2. e5 d5 3. exd6 cxd6 4. d4 Nf6 5. Nf3 Be7 6. Bd3 b6 7. c3 0-0 8. 0-0 Ba6 9. c4 d5 10. b3 Nbd7 11. Ne5 Nxe5 12. dxe5 dxc4 13. bxc4 Nd7 14. Qc2 g6 15. f4 Nc5 16. Be2 Bb7 17. Be3 Qc7 18. Nc3 Rad8 19. Nb5 Qb8 20. Bf3 Rd3 21. Qe2 Rfd8 22. Rad1 Bxf3 23. Qxf3 a6 24. Nd4 R8xd4 25. Bxd4 Rxf3 26. Rxf3 Qc8 27. Kf1 Na4 0-1

[Event "Rome Lazio op 2nd"]
[Site "Rome"]
[Date "2014.01.05"]
[Round "5"]
[White "Marta, Daniele"]
[Black "Stirpe, Claudio"]
[Result "1-0"]
[WhiteElo "2036"]
[BlackElo "2037"]
[PlyCount "65"]
[EventDate "2014.01.02"]
[EventType "swiss"]
[EventRounds "7"]
[EventCountry "ITA"]
[SourceTitle "EXT 2015"]
[Source "ChessBase"]
[SourceDate "2014.11.20"]
[SourceVersion "1"]
[SourceVersionDate "2014.11.20"]
[SourceQuality "1"]

1. d4 Nf6 2. c4 c5 3. Nf3 g6 4. Nc3 Bg7 5. e4 cxd4 6. Nxd4 0-0 7. Be3 Nc6 8. Nc2 d6 9. Be2 Be6 10. b3 Qa5 11. Bd2 Rfc8 12. 0-0 Qd8 13. Kh1 Ne8 14. Rc1 Rab8 15. Nd5 f5 16. exf5 gxf5 17. g4 b5 18. Nf4 Bf7 19. cxb5 Ne5 20. gxf5 Qd7 21. Nd4 Qb7+ 22. f3 Nc7 23. Rg1 Kh8 24. Ba5 Bh6 25. Qd2 Nxb5 26. Rxc8+ Rxc8 27. Ng6+ Bxg6 28. Qxh6 Nxd4 29. Rxg6 Nxf5 30. Qh3 Qd5 31. Be1 Rc1 32. Rg1 Nd4 33. Bc4 1-0

[Event "Rome Nobile Memorial 4th"]
[Site "Rome"]
[Date "2011.01.27"]
[Round "4"]
[White "Marta, Daniele"]
[Black "Maurizio, Antonio"]
[Result "1/2-1/2"]
[WhiteElo "2051"]
[BlackElo "1898"]
[PlyCount "33"]
[EventDate "2011.01.13"]
[EventType "swiss"]
[EventRounds "7"]
[EventCountry "ITA"]
[SourceTitle "EXT 2012"]
[Source "ChessBase"]
[SourceDate "2011.11.24"]
[SourceVersion "1"]
[SourceVersionDate "2011.11.24"]
[SourceQuality "1"]

1. c4 e6 2. Nf3 d5 3. g3 Nf6 4. Bg2 Be7 5. 0-0 0-0 6. d4 Nbd7 7. cxd5 exd5 8. Nc3 c6 9. Bf4 Re8 10. Rc1 Nf8 11. Qd3 Ng6 12. Bd2 h6 13. a3 a5 14. Kh1 Bd6 15. Ng1 Qe7 16. f3 Nh5 17. f4 1/2-1/2

[Event "Rome Nobile Memorial 4th"]
[Site "Rome"]
[Date "2011.01.14"]
[Round "2"]
[White "Marta, Daniele"]
[Black "Battistelli, Alessandro"]
[Result "1/2-1/2"]
[WhiteElo "2051"]
[BlackElo "1849"]
[PlyCount "66"]
[EventDate "2011.01.13"]
[EventType "swiss"]
[EventRounds "7"]
[EventCountry "ITA"]
[SourceTitle "EXT 2012"]
[Source "ChessBase"]
[SourceDate "2011.11.24"]
[SourceVersion "1"]
[SourceVersionDate "2011.11.24"]
[SourceQuality "1"]

1. e4 e6 2. d4 d5 3. Nd2 Nf6 4. e5 Nfd7 5. Bd3 c5 6. c3 Nc6 7. Ne2 cxd4 8. cxd4 Qb6 9. Nf3 Bb4+ 10. Bd2 0-0 11. 0-0 f6 12. exf6 Nxf6 13. Bg5 Bd6 14. Nc3 Be7 15. Qd2 Bd7 16. Rac1 Rae8 17. Bb1 Ng4 18. Qd3 g6 19. Bxe7 Rxe7 20. h3 Nf6 21. Qd2 Nh5 22. Ne2 Kg7 23. Rc3 Qb4 24. Qe3 Qd6 25. Ne5 Be8 26. Rfc1 Nf4 27. Nxc6 Bxc6 28. Qe5+ Qxe5 29. dxe5 Nh5 30. Nd4 Nf4 31. Kf1 Be8 32. Rc7 Rff7 33. Rxe7 Rxe7 1/2-1/2

[Event "Rome Nobile Memorial 3rd"]
[Site "Rome"]
[Date "2010.02.11"]
[Round "6"]
[White "Marta, Daniele"]
[Black "Quimi, Marco"]
[Result "1-0"]
[WhiteElo "2064"]
[BlackElo "2147"]
[PlyCount "85"]
[EventDate "2010.01.14"]
[EventType "swiss"]
[EventRounds "6"]
[EventCountry "ITA"]
[SourceTitle "EXT 2024"]
[Source "ChessBase"]
[SourceDate "2023.10.10"]
[SourceVersion "1"]
[SourceVersionDate "2023.10.10"]
[SourceQuality "1"]

1. d4 Nf6 2. c4 c6 3. Nf3 d5 4. e3 Bf5 5. Nc3 e6 6. Nh4 Be7 7. Nxf5 exf5 8. Qb3 0-0 9. Qxb7 Nbd7 10. c5 f4 11. Be2 fxe3 12. fxe3 Rc8 13. 0-0 Rc7 14. Qb3 Re8 15. Bd2 Nf8 16. Rf3 Ne6 17. Raf1 Ng5 18. Rf5 h6 19. Bd3 g6 20. R5f4 Nh5 21. R4f2 Bf8 22. Ne2 Rce7 23. Ng3 Nxg3 24. hxg3 Bg7 25. Qd1 Qb8 26. Qg4 Qxb2 27. Bc1 Qc3 28. Qd1 Rxe3 29. Bxe3 Rxe3 30. Bb1 Bxd4 31. Kh1 Rxg3 32. Rc2 Rh3+ 33. gxh3 Qxh3+ 34. Rh2 Qc3 35. Rxh6 Kg7 36. Rh4 Be3 37. Qc2 Qe5 38. Qh2 Qe8 39. Qd6 f5 40. Bxf5 gxf5 41. Qh6+ Kg8 42. Qh8+ Kf7 43. Rxf5+ 1-0

[Event "Rome Nobile Memorial 3rd"]
[Site "Rome"]
[Date "2010.01.14"]
[Round "1"]
[White "Denozza, Mauro"]
[Black "Marta, Daniele"]
[Result "0-1"]
[WhiteElo "1660"]
[BlackElo "2064"]
[PlyCount "34"]
[EventDate "2010.01.14"]
[EventType "swiss"]
[EventRounds "6"]
[EventCountry "ITA"]
[SourceTitle "EXT 2024"]
[Source "ChessBase"]
[SourceDate "2023.10.10"]
[SourceVersion "1"]
[SourceVersionDate "2023.10.10"]
[SourceQuality "1"]

1. d4 Nf6 2. Nf3 e6 3. e3 c5 4. c3 Be7 5. Bd3 b6 6. Nbd2 Ba6 7. Bxa6 Nxa6 8. 0-0 0-0 9. Re1 d5 10. a3 Nc7 11. Ne5 Bd6 12. b4 Rc8 13. e4 cxd4 14. cxd4 dxe4 15. Nxe4 Bxe5 16. dxe5 Nxe4 17. Qxd8 Rfxd8 0-1

[Event "Alvise Zichichi mem 7th"]
[Site "Ladispoli"]
[Date "2009.09.20"]
[Round "3"]
[White "Rampini, Carlo"]
[Black "Marta, Daniele"]
[Result "0-1"]
[WhiteElo "1820"]
[BlackElo "2056"]
[PlyCount "68"]
[EventDate "2009.09.19"]
[EventType "swiss"]
[EventRounds "8"]
[EventCountry "ITA"]
[SourceTitle "EXT 2012"]
[Source "ChessBase"]
[SourceDate "2011.11.24"]
[SourceVersion "1"]
[SourceVersionDate "2011.11.24"]
[SourceQuality "1"]

1. Nf3 Nf6 2. g3 d5 3. Bg2 c5 4. 0-0 e6 5. d3 Be7 6. Re1 0-0 7. Nbd2 Nc6 8. e4 dxe4 9. dxe4 b5 10. Qe2 Qb6 11. a4 Nb4 12. Nf1 bxa4 13. Rxa4 Ba6 14. c4 Rad8 15. e5 Nd7 16. b3 Nb8 17. Bg5 Rfe8 18. Bxe7 Rxe7 19. Ng5 Nd7 20. Qh5 Nf8 21. Ne4 Bb7 22. Nfd2 Kh8 23. Nf3 Nd3 24. Re3 Qxb3 25. Ra1 Bxe4 26. Qh4 Ng6 27. Qxe4 Qb2 28. Rd1 Qxf2+ 29. Kh1 Rb7 30. Rexd3 Rxd3 31. Qxd3 h6 32. Qd8+ Kh7 33. Ng5+ hxg5 34. Bxb7 Qe3 0-1

[Event "Alvise Zichichi mem 7th"]
[Site "Ladispoli"]
[Date "2009.09.19"]
[Round "2"]
[White "Gasperoni, Claudio"]
[Black "Marta, Daniele"]
[Result "1/2-1/2"]
[WhiteElo "1770"]
[BlackElo "2056"]
[PlyCount "52"]
[EventDate "2009.09.19"]
[EventType "swiss"]
[EventRounds "8"]
[EventCountry "ITA"]
[SourceTitle "EXT 2012"]
[Source "ChessBase"]
[SourceDate "2011.11.24"]
[SourceVersion "1"]
[SourceVersionDate "2011.11.24"]
[SourceQuality "1"]

1. d4 Nf6 2. Nf3 g6 3. c4 Bg7 4. Nc3 0-0 5. e4 d6 6. Be2 e5 7. d5 a5 8. Bg5 h6 9. Bh4 Na6 10. Nd2 Qe8 11. Rb1 Nh7 12. b3 f5 13. f3 f4 14. a3 g5 15. Bf2 Qg6 16. b4 axb4 17. axb4 h5 18. c5 g4 19. Nc4 gxf3 20. Bxf3 Bg4 21. cxd6 cxd6 22. Nb5 Rfd8 23. Nb6 Rab8 24. h3 Bd7 25. Nxd7 Rxd7 26. Qe2 Nf6 1/2-1/2

[Event "Zichichi Memorial"]
[Site "Ladispoli"]
[Date "2008.05.??"]
[Round "3"]
[White "Marta, Daniele"]
[Black "Leonetti, Pietro"]
[Result "1-0"]
[WhiteElo "2028"]
[BlackElo "1575"]
[PlyCount "49"]
[EventDate "2008.05.01"]
[EventType "swiss"]
[EventRounds "7"]
[EventCountry "ITA"]
[SourceTitle "EXT 2009"]
[Source "ChessBase"]
[SourceDate "2008.11.26"]
[SourceVersion "1"]
[SourceVersionDate "2008.11.26"]
[SourceQuality "1"]

1. e4 c6 2. Nc3 g6 3. f4 Bg7 4. Nf3 d6 5. Bc4 b5 6. Bb3 Nd7 7. d4 Qb6 8. Be3 e5 9. Qd2 Qc7 10. fxe5 dxe5 11. Ng5 Nh6 12. Ne6 fxe6 13. Bxh6 Bxh6 14. Qxh6 Nf8 15. 0-0-0 Bb7 16. Qg5 Qe7 17. Qxe5 Rg8 18. Rhf1 a5 19. a4 b4 20. Nb1 Rc8 21. Nd2 c5 22. Nc4 Rd8 23. dxc5 Rxd1+ 24. Kxd1 Qd7+ 25. Nd6+ 1-0

[Event "Rome op"]
[Site "Rome"]
[Date "2007.11.01"]
[Round "5"]
[White "Bove, Alessandro"]
[Black "Marta, Daniele"]
[Result "1/2-1/2"]
[WhiteElo "2195"]
[BlackElo "2073"]
[PlyCount "35"]
[EventDate "2007.10.29"]
[EventType "swiss"]
[EventRounds "9"]
[EventCountry "ITA"]
[SourceTitle "EXT 2009"]
[Source "ChessBase"]
[SourceDate "2008.11.26"]
[SourceVersion "1"]
[SourceVersionDate "2008.11.26"]
[SourceQuality "1"]

1. d4 Nf6 2. c4 d6 3. Nc3 e5 4. dxe5 dxe5 5. Qxd8+ Kxd8 6. Nf3 Nfd7 7. g3 f6 8. Bg2 c6 9. 0-0 Kc7 10. Be3 Bc5 11. Bxc5 Nxc5 12. b4 Ne6 13. Rab1 Nd7 14. Rfd1 Rd8 15. c5 Ndf8 16. Rxd8 Nxd8 17. Nd2 Bf5 18. Rd1 1/2-1/2

[Event "Rome op"]
[Site "Rome"]
[Date "2007.10.31"]
[Round "3"]
[White "Marta, Daniele"]
[Black "Zoldan, Matteo"]
[Result "1/2-1/2"]
[WhiteElo "2073"]
[BlackElo "2143"]
[PlyCount "37"]
[EventDate "2007.10.29"]
[EventType "swiss"]
[EventRounds "9"]
[EventCountry "ITA"]
[SourceTitle "EXT 2009"]
[Source "ChessBase"]
[SourceDate "2008.11.26"]
[SourceVersion "1"]
[SourceVersionDate "2008.11.26"]
[SourceQuality "1"]

1. Nf3 d6 2. d4 Nf6 3. c4 g6 4. Nc3 Bg7 5. e4 0-0 6. Be2 Na6 7. 0-0 e5 8. d5 Nc5 9. Qc2 a5 10. b3 Nh5 11. Re1 f5 12. Nd2 Nf4 13. Bf1 Qf6 14. a3 Qg5 15. Re3 Nh5 16. Re1 Nf4 17. Re3 Nh5 18. Re1 Nf4 19. Re3 1/2-1/2

[Event "Rome op"]
[Site "Rome"]
[Date "2007.10.30"]
[Round "2"]
[White "Ibba, Isacco"]
[Black "Marta, Daniele"]
[Result "1-0"]
[WhiteElo "2202"]
[BlackElo "2073"]
[PlyCount "107"]
[EventDate "2007.10.29"]
[EventType "swiss"]
[EventRounds "9"]
[EventCountry "ITA"]
[SourceTitle "EXT 2009"]
[Source "ChessBase"]
[SourceDate "2008.11.26"]
[SourceVersion "1"]
[SourceVersionDate "2008.11.26"]
[SourceQuality "1"]

1. e4 e6 2. Nf3 d5 3. Nc3 Nf6 4. e5 Nfd7 5. d4 b6 6. Bd3 Be7 7. Ne2 Ba6 8. c4 Bxc4 9. Bxc4 dxc4 10. Qa4 0-0 11. 0-0 Qc8 12. Qxc4 Qa6 13. Qc2 Rc8 14. Bg5 Bxg5 15. Nxg5 Nf8 16. Qe4 h6 17. Qxa8 c6 18. b4 hxg5 19. b5 Qxb5 20. Qb7 Qa6 21. Qxa6 Nxa6 22. Rac1 c5 23. Rc3 Nb4 24. dxc5 Rxc5 25. Rxc5 bxc5 26. Rc1 Nd7 27. Ng3 Nxa2 28. Ra1 Nb4 29. Rxa7 Nxe5 30. Ra5 Ned3 31. Ne4 f6 32. Nxc5 Nxc5 33. Rxc5 Nd5 34. g3 Kf7 35. Kg2 Kg6 36. Kf3 Ne7 37. Ke4 Nf5 38. Rc6 Kf7 39. Rc7+ Kg6 40. Rd7 Nh6 41. h3 Nf7 42. Re7 f5+ 43. Kd4 Kf6 44. Rd7 Nh8 45. Kc5 Ng6 46. Kd6 f4 47. Rd8 Kf7 48. Ra8 e5 49. Kd5 Ke7 50. Ra7+ Kf8 51. Ke6 Kg8 52. Kf5 Kh7 53. Kxg5 fxg3 54. fxg3 1-0

[Event "Rome op"]
[Site "Rome"]
[Date "2007.10.29"]
[Round "1"]
[White "Quimi, Marco"]
[Black "Marta, Daniele"]
[Result "1/2-1/2"]
[WhiteElo "2271"]
[BlackElo "2073"]
[PlyCount "118"]
[EventDate "2007.10.29"]
[EventType "swiss"]
[EventRounds "9"]
[EventCountry "ITA"]
[SourceTitle "EXT 2009"]
[Source "ChessBase"]
[SourceDate "2008.11.26"]
[SourceVersion "1"]
[SourceVersionDate "2008.11.26"]
[SourceQuality "1"]

1. e4 e6 2. d4 d5 3. e5 c5 4. c3 Qb6 5. Nf3 Bd7 6. a3 Bb5 7. b4 cxd4 8. Bxb5+ Qxb5 9. cxd4 Nd7 10. Nc3 Qc4 11. Bb2 a5 12. Qa4 Qa6 13. b5 Qa7 14. b6 Qxb6 15. Nb5 Rc8 16. Bc3 Rc4 17. Qxa5 Qxa5 18. Bxa5 f6 19. 0-0 b6 20. Bb4 Nh6 21. exf6 gxf6 22. Rfe1 Bxb4 23. axb4 Ke7 24. Na7 Nf5 25. b5 Nb8 26. Rec1 Nd6 27. Kf1 Rg8 28. Nd2 Rxc1+ 29. Rxc1 Kd7 30. g3 Nf5 31. Nf3 Nd6 32. Ne1 Nc4 33. Nd3 Rg7 34. Nb4 Kd6 35. Ra1 Na5 36. Nc8+ Kc7 37. Rc1+ Nc4 38. Na7 Kd6 39. Nac6 Nxc6 40. Nxc6 Na3 41. Nb4 Rc7 42. Rc6+ Rxc6 43. bxc6 Nb5 44. Nc2 Kxc6 45. f4 Kd6 46. Ke2 Nc3+ 47. Kd3 Ne4 48. Nb4 Ke7 49. f5 Kd6 50. fxe6 Kxe6 51. Ke3 Nc3 52. g4 h6 53. Nd3 Kf7 54. Nf4 b5 55. Kd3 b4 56. Kc2 f5 57. Kb3 fxg4 58. Kxb4 Ne4 59. Nxd5 g3 1/2-1/2

[Event "Rewal op-A 12th"]
[Site "Rewal"]
[Date "2007.08.25"]
[Round "5"]
[White "Krzywkowski, Marcin"]
[Black "Marta, Daniele"]
[Result "0-1"]
[WhiteElo "1861"]
[BlackElo "2079"]
[PlyCount "96"]
[EventDate "2007.08.20"]
[EventType "swiss"]
[EventRounds "9"]
[EventCountry "POL"]
[SourceTitle "CBM 120 Extra"]
[Source "ChessBase"]
[SourceDate "2007.11.01"]
[SourceVersion "1"]
[SourceVersionDate "2007.11.01"]
[SourceQuality "1"]

1. d4 Nf6 2. c4 g6 3. g3 Bg7 4. Bg2 0-0 5. e4 d6 6. Ne2 e5 7. 0-0 Re8 8. Nbc3 exd4 9. Nxd4 Nbd7 10. Re1 c6 11. Rb1 Ne5 12. b3 Qb6 13. h3 Nh5 14. Be3 Qc7 15. f4 Nd7 16. Bf2 Nf8 17. b4 Ne6 18. Nde2 Nf8 19. b5 Be6 20. b6 axb6 21. Bxb6 Qd7 22. g4 Nxf4 23. Nxf4 Bxc3 24. Nxe6 Qxe6 25. Re3 Be5 26. Bd4 Qxc4 27. Bxe5 dxe5 28. Rxb7 Ne6 29. Bf1 Qxa2 30. Qc1 Qa1 31. Qxc6 Qd4 32. Qc3 Rac8 33. Qb3 Rc7 34. Rxc7 Nxc7 35. Qc3 Ne6 36. Kh2 Qxc3 37. Rxc3 Re7 38. Kg3 Rc7 39. Rxc7 Nxc7 40. Bc4 Kg7 41. g5 f5 42. gxf6+ Kxf6 43. h4 Ne8 44. Bb3 Nd6 45. Bc2 Nb5 46. h5 Kg5 47. hxg6 hxg6 48. Bd3 Nc7 0-1

[Event "Rewal op-A 12th"]
[Site "Rewal"]
[Date "2007.08.23"]
[Round "3"]
[White "Stoma, Pawel"]
[Black "Marta, Daniele"]
[Result "1-0"]
[WhiteElo "2233"]
[BlackElo "2079"]
[PlyCount "97"]
[EventDate "2007.08.20"]
[EventType "swiss"]
[EventRounds "9"]
[EventCountry "POL"]
[SourceTitle "CBM 120 Extra"]
[Source "ChessBase"]
[SourceDate "2007.11.01"]
[SourceVersion "1"]
[SourceVersionDate "2007.11.01"]
[SourceQuality "1"]

1. e4 e6 2. d4 d5 3. exd5 exd5 4. Nf3 Bd6 5. c4 c6 6. Nc3 Ne7 7. c5 Bc7 8. a3 Bf5 9. Bd3 Qc8 10. 0-0 0-0 11. Ne2 Nd7 12. Ng3 Bxd3 13. Qxd3 Ng6 14. b4 a6 15. a4 b5 16. Ng5 Nf6 17. Re1 Re8 18. Rxe8+ Qxe8 19. Bd2 Qd7 20. axb5 cxb5 21. Nf3 h6 22. Kf1 Kf8 23. Qf5 Qxf5 24. Nxf5 Ne4 25. Be1 Ne7 26. Ne3 Ke8 27. Ke2 Kd7 28. Kd3 Ke6 29. Nd2 Nf6 30. g3 Nc6 31. Nb3 h5 32. Ra2 g6 33. f3 Kd7 34. h3 Bxg3 35. Bxg3 Nxb4+ 36. Kd2 Nxa2 37. Be5 Ke6 38. Bxf6 Kxf6 39. Nxd5+ Kf5 40. c6 Kg5 41. c7 b4 42. Nb6 Re8 43. Nc5 Nc3 44. Ne4+ Kf4 45. Nxc3 bxc3+ 46. Kxc3 Kf5 47. Kc4 Ke6 48. Kc5 a5 49. d5+ 1-0

[Event "Rewal op-A 12th"]
[Site "Rewal"]
[Date "2007.08.22"]
[Round "2"]
[White "Budrewicz, Krzysztof"]
[Black "Marta, Daniele"]
[Result "0-1"]
[WhiteElo "2224"]
[BlackElo "2079"]
[PlyCount "78"]
[EventDate "2007.08.20"]
[EventType "swiss"]
[EventRounds "9"]
[EventCountry "POL"]
[SourceTitle "CBM 120 Extra"]
[Source "ChessBase"]
[SourceDate "2007.11.01"]
[SourceVersion "1"]
[SourceVersionDate "2007.11.01"]
[SourceQuality "1"]

1. d4 Nf6 2. Bg5 e6 3. e4 d5 4. e5 h6 5. Bxf6 gxf6 6. Nf3 Bg7 7. Bd3 Nc6 8. exf6 Qxf6 9. c3 Bd7 10. 0-0 0-0 11. Nbd2 Rac8 12. Re1 Kh8 13. b4 b6 14. a4 a5 15. b5 Nd8 16. Ne5 Be8 17. Rb1 Nb7 18. Nf1 Qd8 19. Ng3 Rg8 20. Qh5 Nd6 21. Qh3 Bf8 22. Nh5 f5 23. Nf4 Qf6 24. f3 Nf7 25. Neg6+ Rxg6 26. Rxe6 Ng5 27. Nxg6+ Qxg6 28. Qxf5 Qxf5 29. Bxf5 Nxe6 30. Bxe6 Rd8 31. Re1 Bg6 32. f4 Bc2 33. Ra1 Kg7 34. Bg4 Rd6 35. Bf3 c6 36. c4 Be4 37. Bxe4 dxe4 38. Rd1 cxb5 39. cxb5 Rxd4 0-1

[Event "Rilton Cup 36th"]
[Site "Stockholm"]
[Date "2007.01.03"]
[Round "7"]
[White "Barhudarian, Rafael"]
[Black "Marta, Daniele"]
[Result "1/2-1/2"]
[WhiteElo "2259"]
[BlackElo "2079"]
[PlyCount "120"]
[EventDate "2006.12.27"]
[EventType "swiss"]
[EventRounds "9"]
[EventCountry "SWE"]
[SourceTitle "CBM 116 Extra"]
[Source "ChessBase"]
[SourceDate "2007.03.07"]
[SourceVersion "1"]
[SourceVersionDate "2007.03.07"]
[SourceQuality "1"]

1. e4 e6 2. d4 d5 3. Nc3 Bb4 4. Nge2 Nf6 5. Bg5 dxe4 6. a3 Be7 7. Bxf6 Bxf6 8. Nxe4 Nc6 9. c3 Be7 10. Qc2 0-0 11. 0-0-0 f5 12. Nd2 Bf6 13. f4 b6 14. g4 g6 15. h4 Bb7 16. Rh2 fxg4 17. h5 Qe8 18. Ne4 Ne7 19. Bg2 Rb8 20. hxg6 Qxg6 21. Rdh1 Nf5 22. Rh5 h6 23. Qb3 Bg7 24. Rxf5 Qxf5 25. N4g3 Qf7 26. Bxb7 Rxb7 27. Qc2 c5 28. dxc5 bxc5 29. Rh4 Rfb8 30. Rxg4 Rxb2 31. Qxb2 Rxb2 32. Kxb2 Kf8 33. Rh4 Qb7+ 34. Kc2 Qf3 35. f5 exf5 36. Rf4 Qe3 37. Rxf5+ Kg8 38. Rd5 c4 39. Rd8+ Kh7 40. Rd7 Kh8 41. Rd8+ Kh7 42. Rd7 Qc5 43. a4 Qa5 44. Kd2 Qxa4 45. Re7 Kg8 46. Nh5 Bh8 47. Re4 Kf7 48. Nhg3 Qd7+ 49. Ke3 Qd3+ 50. Kf4 Bxc3 51. Nf5 Bd2+ 52. Ke5 c3 53. Nd6+ Kg6 54. Rg4+ Kh5 55. Rg2 Qxe2+ 56. Rxe2 c2 57. Kf5 Kh4 58. Ne4 Kh3 59. Nf2+ Kg3 60. Nd3 c1Q 1/2-1/2

[Event "Rome Petra op 03rd"]
[Site "Rome"]
[Date "2005.03.19"]
[Round "6"]
[White "Marta, Daniele"]
[Black "Barletta, Antonio"]
[Result "0-1"]
[WhiteElo "2045"]
[BlackElo "2081"]
[PlyCount "56"]
[EventDate "2005.03.14"]
[EventType "swiss"]
[EventRounds "7"]
[EventCountry "ITA"]
[SourceTitle "CBM 105 Extra"]
[Source "ChessBase"]
[SourceDate "2005.05.01"]
[SourceVersion "1"]
[SourceVersionDate "2005.05.01"]
[SourceQuality "1"]

1. d4 Nf6 2. c4 g6 3. Nc3 Bg7 4. e4 d6 5. f3 0-0 6. Be3 c6 7. Nge2 e5 8. d5 cxd5 9. cxd5 Na6 10. Nc1 Nh5 11. Be2 f5 12. 0-0 f4 13. Bf2 Bf6 14. g4 fxg3 15. hxg3 Bg5 16. Kg2 Bf4 17. Rh1 Qg5 18. g4 Bxc1 19. Qxc1 Nf4+ 20. Kf1 h5 21. Bh4 Qh6 22. Be7 Bxg4 23. Bxf8 Rxf8 24. Qe3 g5 25. Bd1 Nc5 26. Rh2 Bxf3 27. Bxf3 g4 28. Qg1 Nh3 0-1

[Event "Rome Petra op 03rd"]
[Site "Rome"]
[Date "2005.03.17"]
[Round "4"]
[White "Trebeschi, Andrea"]
[Black "Marta, Daniele"]
[Result "1/2-1/2"]
[WhiteElo "2102"]
[BlackElo "2045"]
[PlyCount "22"]
[EventDate "2005.03.14"]
[EventType "swiss"]
[EventRounds "7"]
[EventCountry "ITA"]
[SourceTitle "CBM 105 Extra"]
[Source "ChessBase"]
[SourceDate "2005.05.01"]
[SourceVersion "1"]
[SourceVersionDate "2005.05.01"]
[SourceQuality "1"]

1. e4 e6 2. d3 d5 3. Nd2 Nf6 4. Ngf3 c5 5. g3 Nc6 6. Bg2 Be7 7. 0-0 dxe4 8. dxe4 0-0 9. c3 b5 10. a4 b4 11. Qc2 Ba6 1/2-1/2

[Event "Rome Petra op 03rd"]
[Site "Rome"]
[Date "2005.03.14"]
[Round "1"]
[White "Marta, Daniele"]
[Black "Ramondino, Renzo"]
[Result "0-1"]
[WhiteElo "2045"]
[BlackElo "2220"]
[PlyCount "58"]
[EventDate "2005.03.14"]
[EventType "swiss"]
[EventRounds "7"]
[EventCountry "ITA"]
[SourceTitle "CBM 105 Extra"]
[Source "ChessBase"]
[SourceDate "2005.05.01"]
[SourceVersion "1"]
[SourceVersionDate "2005.05.01"]
[SourceQuality "1"]

1. d4 Nf6 2. Nf3 g6 3. c4 Bg7 4. Nc3 0-0 5. e4 d6 6. Be2 e5 7. d5 a5 8. Bg5 h6 9. Bh4 Na6 10. Nd2 Qe8 11. 0-0 Bd7 12. b3 Nh7 13. f3 f5 14. Bf2 f4 15. a3 g5 16. b4 b6 17. c5 bxc5 18. Bxa6 Rxa6 19. bxc5 Qg6 20. Qe2 Raa8 21. Nb5 g4 22. Kh1 g3 23. Bg1 dxc5 24. Nxc7 Rac8 25. Ne6 Bxe6 26. dxe6 gxh2 27. Bf2 Nf6 28. Rfc1 Nh5 29. Nf1 Qxe6 0-1

[Event "Rome Petra op 02nd"]
[Site "Rome"]
[Date "2004.09.17"]
[Round "7"]
[White "Marta, Daniele"]
[Black "Rocchetti, Marco"]
[Result "1-0"]
[WhiteElo "2089"]
[BlackElo "1978"]
[PlyCount "81"]
[EventDate "2004.09.11"]
[EventType "swiss"]
[EventRounds "9"]
[EventCountry "ITA"]
[SourceTitle "EXT 2007"]
[Source "ChessBase"]
[SourceDate "2006.11.23"]
[SourceVersion "1"]
[SourceVersionDate "2006.11.23"]
[SourceQuality "1"]

1. d4 d6 2. Nf3 Nd7 3. e4 g6 4. Be2 Bg7 5. 0-0 e5 6. c4 Ne7 7. Nc3 0-0 8. d5 a5 9. Be3 f5 10. Ng5 Nf6 11. f3 h6 12. Ne6 Bxe6 13. dxe6 f4 14. Bf2 b6 15. a3 Nc6 16. Nd5 Rc8 17. b4 Qe8 18. Qa4 axb4 19. Qxc6 bxa3 20. Rxa3 Qxc6 21. Ne7+ Kh7 22. Nxc6 Rfe8 23. c5 Rxe6 24. Bc4 Ree8 25. Bf7 Rf8 26. Ne7 Rxf7 27. Nxc8 bxc5 28. Rd1 g5 29. Ra7 Kg6 30. h3 h5 31. Kf1 g4 32. Ke2 Rd7 33. Bxc5 gxf3+ 34. gxf3 dxc5 35. Rxd7 Nxd7 36. Rxc7 Nf8 37. Rxc5 Ne6 38. Rc6 Kf7 39. Nd6+ Kg8 40. Nf5 Ng5 41. Rg6 1-0